000 01442nam0a2200337 i 4500
001 RU\NLR\BIBL_A\011390646
005 20241114212135.0
010 _a9785498003139
_9200
021 _aRU
_b2017-29620
_92182
035 _a(RuMoRGB)008866269
035 _a(NLR Aleph) 011390646
090 _a11450530
_c11450530
100 _a20170522d2015 km y0rusy50 ca
101 0 _arus
102 _aRU
105 _aac||z|||000zd
200 1 _aДетдомовские сороковые…
_eдокументальная повесть
_fВиктор Бакин
210 _aКиров
_c[б. и.]
_d2015
215 _a261, [2] с.
_cил., портр.
_d22
606 _aБлокада Ленинграда
_jВоспоминания, записки и т.п
_z1941 - 1944
_92077679
_3RU\NLR\AUTH\661253360
606 1 _aВеликая Отечественная война
_jВоспоминания, записки и т.п
_yКировская область
_z1941 - 1945
_91240989
_3RU\NLR\AUTH\66189601
606 _aДетские дома
_xИстория
_yСССР
_92467068
_3RU\NLR\auth\661465534
686 _aШ5(2=Р)75-644.8
_2rubbk
686 1 _aЧ424(2)719.2г
686 1 _aТ3(2)722.721,013
686 1 _aТ3(2)722.9-9(2Р-4Ки),013
700 1 _7ca
_8rus
_aБакин
_bВ. С.
_f1957 -
_gВиктор Семёнович
_9174422
_3RU\NLR\AUTH\770174473
942 _cBOOK
980 _aNBR